Podchwytliwe Pytania Z Geografii #2 - Statystyki

Ogólne statystyki
  • Ten quiz został rozwiązany 473 razy
  • Średni wynik to 9 z 15
Statystyki odpowiedzi
Zagadnienie Odpowiedź % Poprawnych
Polska graniczy z ? Rosja
97%
Australia graniczy z? Nikim
90%
Najwięcej Palm Kokosowych w Polsce Rośnie Naturalnie w województwie? Nie rosną w Polsce
89%
Jaki kraj ma największą produkcje Jabłek w Unii Europejskiej? Polska
87%
Który kraj jest większy Polska czy Włochy? Polska
74%
Który z tych kontynentów jest największy? Antarktyda
71%
Na jakim kontynencie leży Ankara? Azja
69%
Największym miastem Chin jest? Szanghaj
65%
Stolicą Rpa jest ? Wszystkie powyższe
64%
Jaki kraj na świecie ma najwięcej wysp ? Szwecja
47%
Czy Jest Fizycznie Wyjaśnione Czemu Takie Anomalię się dzieją w Trójkącie Bermudzkim? Tak
44%
Najwięcej Węgla Brunatnego w Europie Produkuje? Niemcy
35%
Australia to ? Kraj, Kontynent
34%
Czy istnieje temperatura poniżej zera absolutnego? Tak
34%
Wyspa Macarpupapu jest zależna od? Nie jest od nikogo zależna
26%
Nie znaleziono quizów pasujących do podanych kryteriów
Rozkład punktacji
Procent ludzi z każdym wynikiem
Percentyl według liczby udzielonych odpowiedzi
Twoja historia wyników
Nie rozwiązałeś tego quizu